Buddhist studies in honour of Walpola Rahula
| Contributors: | ; ; |
|---|---|
| Format: | Print Book |
| Language: | English |
| Subito Delivery Service: | Order now. |
| Check availability: | HBZ Gateway |
| WorldCat: | WorldCat |
| Interlibrary Loan: | Interlibrary Loan for the Fachinformationsdienste (Specialized Information Services in Germany) |
| Published: |
London
Fraser [u.a.]
1980
|
| In: | Year: 1980 |
| Volumes / Articles: | Show volumes/articles. |
| Edition: | 1. publ. |
| Further subjects: | B
Buddhism
B Rahula, Walpola 1907-1997 B Festschrift B Rahula, Walpola |
MARC
| LEADER | 00000cam a2200000 c 4500 | ||
|---|---|---|---|
| 001 | 013763490 | ||
| 003 | DE-627 | ||
| 005 | 20251219201207.0 | ||
| 007 | tu | ||
| 008 | 710101s1980 xxk||||| 00| ||eng c | ||
| 010 | |a 80670227 | ||
| 020 | |a 0860920305 |9 0-86092-030-5 | ||
| 035 | |a (DE-627)013763490 | ||
| 035 | |a (DE-603)107636506 | ||
| 035 | |a (DE-576)017530067 | ||
| 035 | |a (DE-599)GBV013763490 | ||
| 035 | |a (OCoLC)247349540 | ||
| 035 | |a (OCoLC)06801322 | ||
| 040 | |a DE-627 |b ger |c DE-627 |e rakwb | ||
| 041 | |a eng | ||
| 044 | |c XA-GB |c XB-LK | ||
| 050 | 0 | |a BQ120 | |
| 082 | 0 | |a 294.3 |q OCLC | |
| 084 | |a 6,24 |a 0 |2 ssgn | ||
| 084 | |a BE 1650 |2 rvk |0 (DE-625)rvk/10467: | ||
| 084 | |a BE 8510 |2 rvk |0 (DE-625)rvk/10757: | ||
| 084 | |a 18.66 |2 bkl | ||
| 245 | 0 | 0 | |a Buddhist studies in honour of Walpola Rahula |c editorial committee: Somaratna Balasooriya, André Bareau ... |
| 246 | 3 | 0 | |a Festschrift |
| 250 | |a 1. publ. | ||
| 264 | 1 | |a London |b Fraser [u.a.] |c 1980 | |
| 300 | |a XIII, 293 S |b Ill | ||
| 336 | |a Text |b txt |2 rdacontent | ||
| 337 | |a ohne Hilfsmittel zu benutzen |b n |2 rdamedia | ||
| 338 | |a Band |b nc |2 rdacarrier | ||
| 500 | |a "Select bibliography of publications by Walpola Rahula" S. [xi] - [xiii] | ||
| 583 | 1 | |a Archivierung/Langzeitarchivierung gewährleistet |f SSG |x XA-DE-BW |2 pdager |5 DE-21 | |
| 583 | 1 | |a Archivierung/Langzeitarchivierung gewährleistet |f SSG |x XA-DE-BW |2 pdager |5 DE-21 | |
| 583 | 1 | |a Archivierung prüfen |c 20240324 |f DE-4165 |z 1 |2 pdager | |
| 600 | 1 | 0 | |a Rahula, Walpola |
| 601 | |a Buddhist | ||
| 601 | |a Rahula, Walpola | ||
| 650 | 0 | |a Buddhism | |
| 655 | 7 | |a Festschrift |0 (DE-588)4016928-5 |0 (DE-627)104400986 |0 (DE-576)208917802 |2 gnd-content | |
| 700 | 1 | |e Hrsg. |0 (DE-588)1031570357 |0 (DE-627)736672729 |0 (DE-576)165463546 |4 edt |a Balasooriya, Somaratna |d 1943- | |
| 700 | 1 | |e GefeierteR |0 (DE-588)128809329 |0 (DE-627)380646951 |0 (DE-576)216214408 |4 hnr |a Rahula, Walpola |d 1907-1997 | |
| 700 | 1 | |e Hrsg. |0 (DE-588)1056974133 |0 (DE-627)794333834 |0 (DE-576)412955482 |4 edt |a Bareau, André |d 1921-1993 | |
| 700 | 1 | |8 1\p |0 (DE-588)1031570357 |0 (DE-627)736672729 |0 (DE-576)165463546 |4 oth |a Balasooriya, Somaratna |d 1943- | |
| 883 | |8 1\p |a cgwrk |d 20241001 |q DE-101 |u https://d-nb.info/provenance/plan#cgwrk | ||
| 889 | |w (DE-603)107636506 | ||
| 889 | |w (DE-627)318015080 | ||
| 935 | |a mteo | ||
| 935 | |i mdedup | ||
| 935 | |i Blocktest | ||
| 936 | r | v | |a BE 1650 |b Festschriften |k Theologie und Religionswissenschaften |k Religionswissenschaft |k Allgemeines |k Sammelwerke |k Festschriften |0 (DE-627)1270718533 |0 (DE-625)rvk/10467: |0 (DE-576)200718533 |
| 936 | r | v | |a BE 8510 |b Quellen, Editionen, Kommentare, Konkordanzen |k Theologie und Religionswissenschaften |k Religionswissenschaft |k Religionsgeschichte |k Buddhismus |k Quellen, Editionen, Kommentare, Konkordanzen |0 (DE-627)1270659952 |0 (DE-625)rvk/10757: |0 (DE-576)200659952 |
| 936 | b | k | |a 18.66 |j Indische Sprachen und Literaturen |0 (DE-627)106422979 |
| 951 | |a BO | ||
| ACO | |a 1 | ||
| ELC | |b 1 | ||
| ITA | |a 1 |t 1 | ||
| LOK | |0 000 xxxxxcx a22 zn 4500 | ||
| LOK | |0 001 3319478974 | ||
| LOK | |0 003 DE-627 | ||
| LOK | |0 004 013763490 | ||
| LOK | |0 005 20001010000000 | ||
| LOK | |0 008 960621||||||||||||||||ger||||||| | ||
| LOK | |0 040 |a DE-21 |c DE-627 |d DE-21 | ||
| LOK | |0 852 |a DE-21 | ||
| LOK | |0 852 1 |c 20 A 16335 |9 00 | ||
| LOK | |0 935 |a comp |a konv | ||
| LOK | |0 939 |a 21-06-96 |b l01 | ||
| LOK | |0 000 xxxxxcx a22 zn 4500 | ||
| LOK | |0 001 3319479008 | ||
| LOK | |0 003 DE-627 | ||
| LOK | |0 004 013763490 | ||
| LOK | |0 005 20190731105952 | ||
| LOK | |0 008 180613||||||||||||||||ger||||||| | ||
| LOK | |0 040 |a DE-21-34 |c DE-627 |d DE-21-34 | ||
| LOK | |0 541 |e 78/83 | ||
| LOK | |0 852 |p 606169619906 | ||
| LOK | |0 852 |a DE-21-34 | ||
| LOK | |0 852 1 |c Va 357 |m p |9 00 | ||
| LOK | |0 852 2 |b Indologie |9 00 | ||
| LOK | |0 935 |a indo |a k034 | ||
| LOK | |0 938 |k p | ||
| LOK | |0 939 |a 13-06-18 |b l01 | ||
| LOK | |0 000 xxxxxcx a22 zn 4500 | ||
| LOK | |0 001 4426609178 | ||
| LOK | |0 003 DE-627 | ||
| LOK | |0 004 013763490 | ||
| LOK | |0 005 20231218172608 | ||
| LOK | |0 008 231205||||||||||||||||ger||||||| | ||
| LOK | |0 040 |a DE-Tue135 |c DE-627 |d DE-Tue135 | ||
| LOK | |0 092 |o n | ||
| LOK | |0 852 |a DE-Tue135 | ||
| LOK | |0 852 1 |9 00 | ||
| LOK | |0 935 |a hdsa | ||
| LOK | |0 939 |a 05-12-23 |b l01 | ||
| ORI | |a SA-MARC-ixtheoa001.raw | ||
| REL | |a 1 | ||
| SPR | |a 1 |t IXT |t REL | ||
| SUB | |a REL | ||
| SYA | 0 | 0 | |a Walpola Rāhula,Rahula, Walpola,Rāhula, Valpola |



